La pesadilla que no acaba nunca : el neoliberalismo contra la democracia /

Uloženo v:
Podrobná bibliografie
Hlavní autor: Laval, Christian (autor)
Další autoři: Dardot, Pierre (autor) (autor)
Médium: Kniha
Jazyk:španělština
Vydáno: Barcelona, España : Gedisa, 2017, c2017
Edice:(360° Claves Contemporáneas)
Témata:
Tagy: Přidat tag
Žádné tagy, Buďte první, kdo vytvoří štítek k tomuto záznamu!

MARC

LEADER 00000nam^a2200000^a^4500
001 000408321
005 20250521000000.0
009 20260310121949.225
020 |a 978-84-16919-48-2 
037 |a Acervo ITESO - Biblioteca 
041 |a ESP 
082 |a 330. 122  |b LAV 
100 |a Laval, Christian  |e (autor) 
245 1 3 |a La pesadilla que no acaba nunca :  |b el neoliberalismo contra la democracia /  |c C. Laval, P. Dardot ; tr. por Alfonso Díez. 
264 4 |a Barcelona, España :  |b Gedisa,  |c 2017, c2017 
300 |a 172 p. 
336 |a texto  |b txt  |2 rdacontenido 
337 |a sin mediación  |b n  |2 rdamedio 
338 |a volumen  |b nc  |2 rdasoporte 
440 1 |a (360° Claves Contemporáneas) 
500 |a Traducción de: Ce cauchemar qui n'en finit pas 
521 |a 2019 BO Doctorado en Estudios Científico-Sociales 
521 |a FIL 2018 EEnlace Departamento de Estudios Socioculturales 
649 |a XX 
650 |a Deuda Pública 
650 |a Crisis Económica 
650 |a Liberalismo y Neoliberalismo Económicos -  |x Teoría -  |x Tema Principal 
650 |a Liberalismo -  |x Historia y Crítica 
650 |a Capitalismo -  |x Historia y Crítica -  |x Tema Principal 
650 |a Etica Política 
650 |a Economía Política 
650 |a Economía -  |x Teoría 
700 |a Dardot, Pierre  |e (autor) 
910 |a Fondo General 
920 |a Impresos - Libros 
930 |a Colección General 
905 |a 101 
901 |a 0500316594  |b IT1  |c ACC  |i C162292  |u 20250521 
901 |a 0500321424  |b IT1  |c ACC  |i C166104  |u 20250521 
902 |a https://opac.biblio.iteso.mx/vufind/Record/000408321